00374nam a2200109Ia 4500008004100000082000800041100001300049245008600062942000600148952009500154999001500249240331s9999 xx 000 0 und d bDEV aSLFI. ed 0aDevolution Proposals :baway forward- a summary of the proceedings of the seminar cL 001040708LaWERCLbWERCLcSSCd2024-03-31l0o 351 DEVp4079r2024-03-31w2024-03-31yL c2867d2867